<?xml version="1.0" encoding="UTF-8"?>
<record
    xmlns:xsi="http://www.w3.org/2001/XMLSchema-instance"
    xsi:schemaLocation="http://www.loc.gov/MARC21/slim http://www.loc.gov/standards/marcxml/schema/MARC21slim.xsd"
    xmlns="http://www.loc.gov/MARC21/slim">

  <leader>00653nam a22001457a 4500</leader>
  <controlfield tag="005">20250829103057.0</controlfield>
  <controlfield tag="008">250829b        |||||||| |||| 00| 0 eng d</controlfield>
  <datafield tag="050" ind1=" " ind2=" ">
    <subfield code="a">THE LB 2842.6 .N48 2006</subfield>
    <subfield code="b">C.1</subfield>
  </datafield>
  <datafield tag="245" ind1=" " ind2=" ">
    <subfield code="a">The Effects of Free Primary Education on Performance of the Human Resources: A Case Study of Teachers in Nakuru Municipality</subfield>
  </datafield>
  <datafield tag="260" ind1=" " ind2=" ">
    <subfield code="a">Kisii</subfield>
    <subfield code="b">Kisii University</subfield>
    <subfield code="c">2006</subfield>
  </datafield>
  <datafield tag="300" ind1=" " ind2=" ">
    <subfield code="a">ix, 71p.:ill.</subfield>
  </datafield>
  <datafield tag="500" ind1=" " ind2=" ">
    <subfield code="a">Includes bibliographical references</subfield>
  </datafield>
  <datafield tag="650" ind1=" " ind2=" ">
    <subfield code="a">1. Education, Primary&#x2014;Kenya&#x2014;Nakuru Municipality. 2. Teachers&#x2014;Kenya&#x2014;Performance. 3. Free education&#x2014;Kenya. 4. Public schools&#x2014;Kenya&#x2014;Administration.</subfield>
  </datafield>
  <datafield tag="942" ind1=" " ind2=" ">
    <subfield code="2">lcc</subfield>
    <subfield code="c">REF</subfield>
  </datafield>
  <datafield tag="999" ind1=" " ind2=" ">
    <subfield code="c">216054</subfield>
    <subfield code="d">216054</subfield>
  </datafield>
  <datafield tag="952" ind1=" " ind2=" ">
    <subfield code="0">0</subfield>
    <subfield code="1">0</subfield>
    <subfield code="2">lcc</subfield>
    <subfield code="4">0</subfield>
    <subfield code="6">THE L B  02842.00006 .N00048 02006</subfield>
    <subfield code="7">0</subfield>
    <subfield code="8">SC</subfield>
    <subfield code="9">372905</subfield>
    <subfield code="a">KSUL</subfield>
    <subfield code="b">KSUL</subfield>
    <subfield code="d">2025-08-29</subfield>
    <subfield code="i">109460</subfield>
    <subfield code="l">0</subfield>
    <subfield code="o">THE LB 2842.6 .N48 2006</subfield>
    <subfield code="p">000000024756</subfield>
    <subfield code="r">2025-08-29 10:33:00</subfield>
    <subfield code="t">C.1</subfield>
    <subfield code="w">2025-08-29</subfield>
    <subfield code="y">REF</subfield>
  </datafield>
</record>
